|
|
|
|
| LEADER |
00974cam a2200265 7i4500 |
| 001 |
0000067656 |
| 005 |
20220330090000.0 |
| 020 |
|
|
|a 9780367191955 (hbk)
|
| 020 |
|
|
|a 9780429201011 (electronic book)
|
| 020 |
|
|
|a 9781032020778 (pbk)
|
| 090 |
0 |
0 |
|a G156.5.R44
|b R68 2022
|
| 245 |
0 |
4 |
|a The Routledge handbook of religious and spiritual tourism
|c edited by Daniel H. Olsen and Dallen J. Timothy.
|
| 264 |
|
|
|a London, New York:
|b Routledge,
|c 2022.
|
| 300 |
|
|
|a 1 online resource (xiv, 489 pages):
|b text file, PDF.
|
| 336 |
|
|
|a text
|2 rdacontent
|
| 337 |
|
|
|a computer
|2 rdamedia
|
| 338 |
|
|
|a online resource
|2 rdacarrier
|
| 650 |
0 |
0 |
|a Travel --
|x Religious aspects
|
| 650 |
0 |
0 |
|a Tourism --
|x Religious aspects
|
| 655 |
0 |
0 |
|a Electronic books
|
| 700 |
1 |
|
|a Olsen, Daniel H
|
| 700 |
1 |
|
|a Timothy, Dallen J
|
| 856 |
4 |
2 |
|u http://library.unisel.edu.my/web/guest/mylibrary
|
| 997 |
|
|
|a Business & Accountancy, Faculty
|
| 999 |
|
|
|a EBO0012122
|b EBOOK
|c EBOOK
|e Electronic resources
|